| 000 | 00381 a2200169 4500 | ||
|---|---|---|---|
| 001 | 189590 | ||
| 020 | _a978-85-7406-300-3 | ||
| 040 | _cMagnum | ||
| 100 | _aSouza, Flavio de | ||
| 240 | 1 | 0 |
_aNove chapeuzinhos _lpor |
| 245 | 1 | 0 | _aNove chapeuzinhos |
| 300 | _a63 | ||
| 362 | 0 | _a2007 | |
| 440 | 1 | _aCompanhia das Letrinhas | |
| 697 | _aLITERATURA INFANTO-JUVENIL | ||
| 942 | _cBK | ||
| 999 |
_c189590 _d189590 |
||